000 00540nab a2200205 a 4500
001 71786
003 145887
005 20201118110951.0
008 ||||||n9999 ||| || ||
041 _aspa
245 0 _aEntrevista :
_bGhassan Arnaout
260 _aEspaƱa :
_bAgencia de la ONU para los Refugiados -ACNUR-,
_c1986.
300 _app.16-17
562 _e0
650 _aCONVENCIONES INTERNACIONALES
650 _aENTREVISTA
650 _aPROTECCION DE REFUGIADOS
773 _070960
_aRefugiados - No.22
942 _cSART
999 _c71786
_d71786